02038cas a2200445 450000100090000000300060000900500170001500700030003200800410003501000170007601600180009302200170011103500240012803700790015204001340023104200140036505000170037908200130039621000150040922200150042424500160043926000630045530000210051831000140053936200130055344000300056650000310059650000990062750004490072653000300117561000500120565000270125565000320128265000290131470000310134371000360137477600600141077600500147078000720152011171742AUA.120130510104120.0t|731115c19739999kyuqr p 0 a0eng  a 73644873 7 a0117649692Uk a0091-829621 a(OCoLC)ocm01787681  bLorraine Pellon, Business Manager, P.O. Box 1041, New Canaan, Conn., 06840 aDLCbengcDLCdOCoLCdNSDPdNSTdAIPdNSDPdNSTdMHdOCoLCdDLCdOCoLCdATLAdOCoLCdCaQQLdZP2dOCoLCdUKMGBdUkLSOAdOCoLCdDLC apccansdp00aBV2000b.M5504a266/.0070 aMissiology 0aMissiology00aMissiology. a[Wilmore, Ky, etc.,bAmerican Society of Missiology]c2009 av.bill.c23 cm. aQuarterly0 aApr 2009 aMissiology.vVol.37, No.2 a"An international review." aVols. for published for the American Society of Missiology by Sage Publications. aArticles: Dancing with elephants: accountability in cross-cultural Christian partnerships; The silk letter to Alexander Sayong Hwang: introduction and abridged translation; Christian identity in a pluralistic world; Missionary kids in national schools: a viable option? Arioi for Christ: an exploration of early missions by society islanders; Renewing the church for mission: a holistic understanding of renewal for Korean protestant churches;  aAlso issued in online ed.24aAmerican Society of Missiology.vPeriodicals. 0aMissionsvPeriodicals. 6aMissiologievPériodiques. 6aMissionsvPériodiques. aJ. Nelson JenningseEditor2 aAmerican Society of Missiology.1 tMissiology (Online)w(DLC) 2004221990w(OCoLC)5734693608iOnline version:tMissiologyw(OCoLC)75993361302tPractical anthropologyx0032-633Xw(DLC) 63038045w(OCoLC)1762756